Budget 2004 (Record no. 103494)

MARC details
000 -LEADER
fixed length control field 01710cam a2200433 4500
001 - CONTROL NUMBER
control field L125884
008 - FIXED-LENGTH DATA ELEMENTS--GENERAL INFORMATION
fixed length control field 040420n2004 000 0 eng u
020 ## - INTERNATIONAL STANDARD BOOK NUMBER
International Standard Book Number 0102927626
035 ## - SYSTEM CONTROL NUMBER
System control number (Sirsi) u125884
041 ## - LANGUAGE CODE
Language code of text/sound track or separate title eng
050 ## - LIBRARY OF CONGRESS CALL NUMBER
Classification number 352.4941
-- 21
110 ## - MAIN ENTRY--CORPORATE NAME
Corporate name or jurisdiction name as entry element United Kingdom
Subordinate unit HM Treasury
240 ## - UNIFORM TITLE
Uniform title 2004 Budget report
245 ## - TITLE STATEMENT
Title Budget 2004
Remainder of title prudence for a purpose - a Britain of stability and strength : economic and fiscal strategy report and financial statement and budget report
260 ## - PUBLICATION, DISTRIBUTION, ETC.
Place of publication, distribution, etc. London
Name of publisher, distributor, etc. TSO
Date of publication, distribution, etc. 2004
505 ## - FORMATTED CONTENTS NOTE
Formatted contents note Overview
505 ## - FORMATTED CONTENTS NOTE
Formatted contents note Maintaining macroeconomic stability
505 ## - FORMATTED CONTENTS NOTE
Formatted contents note Meeting the productivity challenge
505 ## - FORMATTED CONTENTS NOTE
Formatted contents note Increasing employment opportunity for all
505 ## - FORMATTED CONTENTS NOTE
Formatted contents note Building a fairer society
505 ## - FORMATTED CONTENTS NOTE
Formatted contents note Delivering high quality public services
505 ## - FORMATTED CONTENTS NOTE
Formatted contents note Protecting the environment
505 ## - FORMATTED CONTENTS NOTE
Formatted contents note Illustrative long-term fiscal projections
505 ## - FORMATTED CONTENTS NOTE
Formatted contents note Budget policy decisions
505 ## - FORMATTED CONTENTS NOTE
Formatted contents note The economy
505 ## - FORMATTED CONTENTS NOTE
Formatted contents note The public finances
505 ## - FORMATTED CONTENTS NOTE
Formatted contents note List of abbreviations
505 ## - FORMATTED CONTENTS NOTE
Formatted contents note List of tables
505 ## - FORMATTED CONTENTS NOTE
Formatted contents note List of charts
520 ## - SUMMARY, ETC.
Summary, etc. The full text of the 2004 Budget report, with links to press notices, the budget speech, budget regional documents, associated documents and the Budget 2004 microsite. View at www.hm-treasury.gov.uk
650 ## - SUBJECT ADDED ENTRY--TOPICAL TERM
Topical term or geographic name entry element BUDGET 2004
650 ## - SUBJECT ADDED ENTRY--TOPICAL TERM
Topical term or geographic name entry element FISCAL POLICY
650 ## - SUBJECT ADDED ENTRY--TOPICAL TERM
Topical term or geographic name entry element ECONOMIC POLICY
650 ## - SUBJECT ADDED ENTRY--TOPICAL TERM
Topical term or geographic name entry element TAXATION
650 ## - SUBJECT ADDED ENTRY--TOPICAL TERM
Topical term or geographic name entry element PUBLIC SPENDING
690 ## - LOCAL SUBJECT ADDED ENTRY--TOPICAL TERM (OCLC, RLIN)
Topical term or geographic name as entry element ECONOMIC ISSUES
856 ## - ELECTRONIC LOCATION AND ACCESS
Uniform Resource Identifier <a href="https://webarchive.nationalarchives.gov.uk/+/http://www.hm-treasury.gov.uk/bud_bud04_index.htm">https://webarchive.nationalarchives.gov.uk/+/http://www.hm-treasury.gov.uk/bud_bud04_index.htm</a>
Public note View the 2004 Budget documents at http://webarchive.nationalarchives.gov.uk
942 ## - ADDED ENTRY ELEMENTS (KOHA)
Suppress in OPAC 0
Holdings
Withdrawn status Lost status Source of classification or shelving scheme Damaged status Not for loan Home library Current library Shelving location Date acquired Total Checkouts Full call number Barcode Date last seen Copy number Price effective from Koha item type
    Dewey Decimal Classification     Virtual Virtual Online 20/04/2004   ONLINE PUBLICATION 125884-2001 06/08/2019 1 06/08/2019 Book